header

Limits to autocracy (Record no. 21045)

MARC details
000 -LEADER
fixed length control field 01262nam a2200313 a 4500
082 04 - DEWEY DECIMAL CLASSIFICATION NUMBER
Classification number 320/.0951
100 1# - MAIN ENTRY--AUTHOR NAME
Personal name Wood, Alan Thomas.
245 10 - TITLE STATEMENT
Title Limits to autocracy
260 ## - PUBLICATION, DISTRIBUTION, ETC. (IMPRINT)
Place of publication Honolulu :
Name of publisher University of Hawaii Press,
Year of publication c1995.
300 ## - PHYSICAL DESCRIPTION
Number of Pages xvi, 264 p.
650 #0 - SUBJECT ADDED ENTRY--TOPICAL TERM
Topical Term Political science
Topical Term Neo-Confucianism.
856 40 - ELECTRONIC LOCATION AND ACCESS
Uniform Resource Identifier http://site.ebrary.com/lib/rucke/Doc?id=5006044

No items available.

© 2026 Rongo University
Contact us: librarian | system librarian | Rongo university